书目信息 |
| 题名: |
发动机和底盘
|
|
| 作者: | 黄余平 编著 | |
| 分册: | ||
| 出版信息: | 北京 人民交通出版社 2005 |
|
| 页数: | 167页 | |
| 开本: | 24cm | |
| 丛书名: | 汽车构造教学图解 | |
| 单 册: | ||
| 中图分类: | U464-64 | |
| 科图分类: | ||
| 主题词: | 汽车--Qi Che--底盘--构造--图解 , 汽车--Qi Che--发动机--构造--图解 | |
| 电子资源: | ||
| ISBN: | 7-114-05389-4 | |
| 000 | 00855nam 2200289 450 | |
| 001 | CAL 012005033262 | |
| 005 | 20061121154109.17 | |
| 010 | @a7-114-05389-4@dCNY 19.00 | |
| 099 | @aCAL 012005033262 | |
| 100 | @a20050404d2005 ekmy0chiy0121 ea | |
| 101 | 0 | @achi |
| 102 | @aCN@b110000 | |
| 105 | @aak z 000yy | |
| 200 | 1 | @a发动机和底盘@AFa Dong Ji He Di Pan@f黄余平编著 |
| 210 | @a北京@c人民交通出版社@d2005 | |
| 215 | @a167页@c图@d24cm | |
| 225 | 2 | @a汽车构造教学图解@AQi Che Gou Zao Jiao Xue Tu Jie |
| 312 | @a并列题名取自封面 | |
| 410 | 0 | @12001 @a汽车构造教学图解 |
| 510 | 1 | @aEngine&chassis@zeng |
| 606 | 0 | @a汽车@AQi Che@x底盘@x构造@x图解 |
| 606 | 0 | @a汽车@AQi Che@x发动机@x构造@x图解 |
| 690 | @aU464-64@v4 | |
| 701 | 0 | @a黄余平@AHuang Yu Ping@4编著 |
| 801 | @aCN@c20061121 | |
| 905 | @a10447@dU464-64@eH914 | |
| 998 | @aNMU | |
| 发动机和底盘/黄余平编著.-北京:人民交通出版社,2005 |
| 167页:图;24cm.-(汽车构造教学图解) |
| ISBN 7-114-05389-4:CNY 19.00 |
| ● |
| 相关链接 |
|
|
|
正题名:发动机和底盘
索取号:U464-64/H914
 
预约/预借
| 序号 | 登录号 | 条形码 | 馆藏地/架位号 | 状态 | 备注 |
| 1 | 612551 | 206125511 | 自科库501/501自科库 56排4列1层/ [索取号:U464-64/H914] | 在馆 | |
| 2 | 612552 | 206125520 | 自科库501/ [索取号:U464-64/H914] | 在馆 | |
| 3 | 612553 | 206125539 | 自科库501/501自科库 56排4列1层/ [索取号:U464-64/H914] | 在馆 |